| 000 | 01061nam a22002417i 4500 | ||
|---|---|---|---|
| 999 |
_c22734 _d22734 |
||
| 003 | AR-CdUCM | ||
| 008 | 231020b20202020pe o|||| |||| 001 0 spa d | ||
| 040 |
_aMUNICIPALIDAD PROVINCIAL DEL CUSCO _cBIBLIOTECA MUNICIPAL DEL CUSCO |
||
| 041 | _hspa | ||
| 082 |
_a398.20985 / H849 _bH849 |
||
| 100 |
_aHuayta Salhua, Florencio _948994 |
||
| 245 |
_aAventuras y tragedias en los andes : _b...que siempre estemos despiertos y valoremos primero lo nuestro: nuestras costumbres, sabidurías y a los Apus-tutelares que nos cobijan por toda la vida / |
||
| 260 |
_aSicuani-Cusco : _c2020. |
||
| 300 |
_a199 páginas. : _c21 cm. |
||
| 500 | _zBibliografía: páginas 191-192 | ||
| 505 | _aEl siervo ingenuo -- Una vasija de oro -- El cóndor Laramani -- El regreso de Lauliko -- Vacas en celo -- Encuentro en los apus -- Los 365 días de carnaval | ||
| 650 |
_aVasija de oro _949214 |
||
| 650 |
_aCautiva para siempre _949215 |
||
| 650 |
_aSantuco por dinero _949216 |
||
| 650 |
_aLos que roban chuño _949217 |
||
| 942 |
_2ddc _cLIBROS |
||
| 945 |
_apebm _d2023-10-20 |
||